Cấp cứu hồi sức nhi khoa : Triệu chứng, chẩn đoán và điều trị Tập 2
Sách cấp cứu là một cẩm nang giúp thầy thuốc có thể tham khảo dễ dàng khi cần đến, cập nhật được những tiến bộ về kỹ thuật cấp cứu hồi sức, có tính thực hành phù hợp với mọi tuyến điều trị,......
Đã lưu trong:
| 主要作者: | |
|---|---|
| 其他作者: | , , |
| 格式: | 圖書 |
| 語言: | Vietnamese |
| 出版: |
H.
Y học
2021
|
| 主題: | |
| 標簽: |
添加標簽
沒有標簽, 成為第一個標記此記錄!
|
| Thư viện lưu trữ: | Thư viện Trường Đại học Nam Cần Thơ |
|---|
| LEADER | 02044nam a22002777a 4500 | ||
|---|---|---|---|
| 001 | NCT_141678 | ||
| 008 | 220819b xxu||||| |||| 00| 0 vie d | ||
| 999 | |c 7293 |d 7293 | ||
| 020 | |a 9786046649328 |c 140000 | ||
| 082 | 0 | 4 | |2 23rd ed. |a 618.92 |b Th116/T.2 |
| 100 | 1 | |a Phạm Văn Thắng |e Chủ biên | |
| 245 | 1 | 0 | |a Cấp cứu hồi sức nhi khoa : |b Triệu chứng, chẩn đoán và điều trị |n Tập 2 |c Phạm Văn Thắng (Chủ biên); Phạm Thanh Tâm, Lượng Thị Phượng, Vũ Hải Yến,... |
| 260 | |a H. |b Y học |c 2021 | ||
| 300 | |a 322 tr. |b Minh họa |c 22cm | ||
| 520 | 3 | |a Sách cấp cứu là một cẩm nang giúp thầy thuốc có thể tham khảo dễ dàng khi cần đến, cập nhật được những tiến bộ về kỹ thuật cấp cứu hồi sức, có tính thực hành phù hợp với mọi tuyến điều trị,... | |
| 653 | |a Y Đa khoa | ||
| 700 | 1 | |a Phạm Thanh Tâm |e Biên soạn | |
| 700 | 1 | |a Lương Thị Phượng |e Biên soạn | |
| 700 | 1 | |a Vũ Hải Yến |e Biên soạn | |
| 942 | |2 ddc |c BK | ||
| 952 | |0 0 |1 0 |2 ddc |4 0 |6 618_920000000000000_TH116_T_2 |7 0 |9 26299 |a 000001 |b 000001 |d 2022-09-28 |o 618.92 Th116/T.2 |p MD.20759 |r 2022-09-28 |v 140000.00 |w 2022-09-28 |y BK | ||
| 952 | |0 0 |1 0 |2 ddc |4 0 |6 618_920000000000000_TH116_T_2 |7 0 |9 26300 |a 000001 |b 000001 |d 2022-09-28 |o 618.92 Th116/T.2 |p MD.20760 |r 2022-09-28 |v 140000.00 |w 2022-09-28 |y BK | ||
| 952 | |0 0 |1 0 |2 ddc |4 0 |6 618_920000000000000_TH116_T_2 |7 0 |9 26301 |a 000001 |b 000001 |d 2022-09-28 |o 618.92 Th116/T.2 |p MD.20761 |r 2022-09-28 |v 140000.00 |w 2022-09-28 |y BK | ||
| 952 | |0 0 |1 0 |2 ddc |4 0 |6 618_920000000000000_TH116_T_2 |7 0 |9 26302 |a 000001 |b 000001 |d 2022-09-28 |o 618.92 Th116/T.2 |p MD.20762 |r 2022-09-28 |v 140000.00 |w 2022-09-28 |y BK | ||
| 952 | |0 0 |1 0 |2 ddc |4 0 |6 618_920000000000000_TH116_T_2 |7 0 |9 26303 |a 000001 |b 000001 |d 2022-09-28 |o 618.92 Th116/T.2 |p MD.20763 |r 2022-09-28 |v 140000.00 |w 2022-09-28 |y BK | ||
| 980 | |a Thư viện Trường Đại học Nam Cần Thơ | ||


